00473nam a2200121Ia 4500008004100000100002300041245006500064245002400129260000900153856009700162999001900259952007300278160531s9999 xx 000 0 und d aBulnes, Francisco. aOrbital Integrals on Reductive Lie Groups and Their Algebras cby Francisco Bulnes c2013 uhttp://www.intechopen.com/books/orbital-integrals-on-reductive-lie-groups-and-their-algebras c295049d295049 001040aCLbCLd2016-05-31l0r2016-05-31 00:00:00w2016-05-31yCBE